000 00781nam a2200253Ia 4500
003 OSt
005 20220930193758.0
006 a|||||r|||| 00| 0
007 ta
008 220926b |||||||| |||| 00| 0 eng d
024 _a11957
037 _cDissertations
040 _aCRL
_cCRL
_beng
041 _2eng
_aeng
100 _aRao S R
110 _aUniversity of Delhi. Faculty of Medical Sciences. Department of Medicine
245 0 _aStudy of the metabolic bone disease at Irwin Hospital
260 _c1966
650 _aMEDICINE
700 _a Dr H P Vaishnava Supervisor
_9528436
700 _aUniversity of Delhi. Faculty of Medical Sciences. Department of Medicine
942 _cDIS
_2CC
999 _c896915
_d896915